[Event "POL-chT 2nd League"]
[Site "Jastrzebia Gora"]
[Date "2022.09.10"]
[Round "8.95"]
[White "Krysztopa Czuprynska, Barbara"]
[Black "Leczek, Weronika"]
[Result "1/2-1/2"]
[WhiteElo "1636"]
[BlackElo "1900"]
[PlyCount "69"]
[EventDate "2022.09.03"]
[EventType "team-swiss"]
[EventRounds "9"]
[EventCountry "POL"]
[SourceTitle "CBM 210 Extra"]
[Source "ChessBase"]
[SourceDate "2022.11.30"]
[SourceVersion "1"]
[SourceVersionDate "2022.11.30"]
[SourceQuality "1"]
[WhiteTeam "Olsztyn Trzydziestka"]
[BlackTeam "Wroclaw Hetman"]
[WhiteTeamCountry "POL"]
[BlackTeamCountry "POL"]

1. e4 c5 2. Nc3 Nc6 3. Bb5 Nd4 4. Nf3 g6 5. Bc4 Bg7 6. d3 d6 7. Nxd4 cxd4 8. Ne2 e6 9. 0-0 Ne7 10. Bg5 0-0 11. Qd2 Re8 12. Qf4 Bd7 13. Qxd6 Nc8 14. Qg3 Qa5 15. Qh4 Nd6 16. Bb3 Ba4 17. Bf6 Bxb3 18. axb3 Qc5 19. Rac1 h6 20. Bxg7 Kxg7 21. Kh1 Rac8 22. f4 Qb4 23. Qf2 Red8 24. g4 Kh7 25. f5 Qd2 26. e5 Nxf5 27. gxf5 exf5 28. Nf4 Qa5 29. Rfe1 Rc6 30. e6 fxe6 31. Qg2 e5 32. Ne2 Rdc8 33. Rg1 Qd2 34. Rgd1 Qe3 35. Re1 1/2-1/2

[Event "POL-chT 2nd League"]
[Site "Jastrzebia Gora"]
[Date "2022.09.09"]
[Round "7.119"]
[White "Leczek, Weronika"]
[Black "Anyz, Monika"]
[Result "1/2-1/2"]
[WhiteElo "1900"]
[BlackElo "1735"]
[PlyCount "50"]
[EventDate "2022.09.03"]
[EventType "team-swiss"]
[EventRounds "9"]
[EventCountry "POL"]
[SourceTitle "CBM 210 Extra"]
[Source "ChessBase"]
[SourceDate "2022.11.30"]
[SourceVersion "1"]
[SourceVersionDate "2022.11.30"]
[SourceQuality "1"]
[WhiteTeam "Wroclaw Hetman"]
[BlackTeam "Skarzysko Kamienna"]
[WhiteTeamCountry "POL"]
[BlackTeamCountry "POL"]

1. e4 c5 2. Nf3 Nc6 3. c4 g6 4. d4 cxd4 5. Nxd4 Bg7 6. Be3 Nf6 7. Nc3 Ng4 8. Qxg4 Nxd4 9. Qd1 Ne6 10. Rc1 0-0 11. Be2 d6 12. 0-0 b6 13. f3 Bb7 14. Qd2 Qd7 15. b3 Rfd8 16. Rfd1 Nc5 17. b4 Ne6 18. c5 bxc5 19. bxc5 Qe8 20. Nd5 dxc5 21. Bxc5 Nxc5 22. Rxc5 e6 23. Bb5 Qf8 24. Rc7 Bxd5 25. exd5 Rxd5 1/2-1/2

[Event "Krakow op-B 29th"]
[Site "Krakow"]
[Date "2018.12.29"]
[Round "4"]
[White "Skurniak, Szymon"]
[Black "Leczek, Weronika"]
[Result "1/2-1/2"]
[WhiteElo "1895"]
[BlackElo "1771"]
[PlyCount "99"]
[EventDate "2018.12.27"]
[EventType "swiss"]
[EventRounds "9"]
[EventCountry "POL"]
[SourceTitle "CBM 189 Extra"]
[Source "ChessBase"]
[SourceDate "2019.06.03"]
[SourceVersion "1"]
[SourceVersionDate "2019.06.03"]
[SourceQuality "1"]

1. e4 c5 2. f4 Nc6 3. Nf3 g6 4. Bb5 Bg7 5. Bxc6 bxc6 6. d3 Rb8 7. Nc3 d5 8. 0-0 e6 9. e5 Ba6 10. b3 Bb5 11. Qe1 h5 12. Qf2 Bf8 13. Ne2 Nh6 14. h3 Be7 15. Rd1 Ba6 16. Nc3 Bb5 17. a4 Ba6 18. Ba3 Qa5 19. Ne2 Rb7 20. Bc1 Nf5 21. Bd2 Qd8 22. Ng3 Bh4 23. Nxh4 Qxh4 24. Nxf5 Qxf2+ 25. Kxf2 gxf5 26. Be3 d4 27. Bc1 Rd7 28. Ba3 Rd5 29. Rac1 f6 30. exf6 Kf7 31. c4 dxc3 32. Rxc3 Rhd8 33. Ke2 e5 34. Bxc5 e4 35. Be7 Rxd3 36. Bxd8 Rxc3+ 37. Ke1 e3 38. b4 Bc4 39. a5 Rc2 40. Rd7+ Kg6 41. f7 Rc1+ 42. Rd1 Rxd1+ 43. Kxd1 Kxf7 44. Bc7 Ke6 45. Bb8 a6 46. Ba7 e2+ 47. Kd2 Kd5 48. Bf2 Ke4 49. Bg3 Bb5 50. h4 1/2-1/2

[Event "Krakow op-B 29th"]
[Site "Krakow"]
[Date "2018.12.28"]
[Round "2"]
[White "Rysaev, Danial"]
[Black "Leczek, Weronika"]
[Result "1-0"]
[WhiteElo "1945"]
[BlackElo "1771"]
[PlyCount "103"]
[EventDate "2018.12.27"]
[EventType "swiss"]
[EventRounds "9"]
[EventCountry "POL"]
[SourceTitle "CBM 189 Extra"]
[Source "ChessBase"]
[SourceDate "2019.06.03"]
[SourceVersion "1"]
[SourceVersionDate "2019.06.03"]
[SourceQuality "1"]

1. d4 d5 2. c4 e6 3. Nc3 Nf6 4. cxd5 exd5 5. Bg5 c6 6. e3 Be7 7. Bd3 0-0 8. Qc2 h6 9. Bxf6 Bxf6 10. Nf3 Re8 11. 0-0 b6 12. Ne2 Bg4 13. b4 Qd6 14. Rab1 Nd7 15. Rfc1 Rac8 16. Ba6 Rc7 17. Nc3 Bd8 18. Nd2 Qe6 19. Bd3 c5 20. Nb5 c4 21. Bh7+ Kh8 22. Nxc7 Bxc7 23. h3 Bxh3 24. gxh3 g6 25. Kg2 b5 26. a4 a6 27. axb5 axb5 28. Ra1 Qd6 29. Nf3 Kxh7 30. Ra7 Bb6 31. Ra6 Nb8 32. Ra8 Rd8 33. Ne5 Kg7 34. Rca1 Nd7 35. Rxd8 Bxd8 36. Nxd7 Qxd7 37. e4 Qe7 38. e5 Qxb4 39. Ra7 Be7 40. Rd7 Qb3 41. Qe2 Kf8 42. Qg4 Qd3 43. Rxd5 c3 44. e6 fxe6 45. Qxe6 c2 46. Rxb5 Qa3 47. Qxg6 c1Q 48. Rf5+ Bf6 49. Rxf6+ Ke7 50. Rf7+ Ke8 51. Qg8+ Qf8 52. Qxf8# 1-0

[Event "EU-ch U18 Girls 28th"]
[Site "Riga"]
[Date "2018.08.23"]
[Round "4"]
[White "Leczek, Weronika"]
[Black "Jalaghonia, Nino"]
[Result "1/2-1/2"]
[WhiteElo "1740"]
[BlackElo "2006"]
[PlyCount "59"]
[EventDate "2018.08.20"]
[EventType "swiss"]
[EventRounds "9"]
[EventCountry "LAT"]
[SourceTitle "CBM 186 Extra"]
[Source "ChessBase"]
[SourceDate "2018.08.24"]
[SourceVersion "1"]
[SourceVersionDate "2018.08.24"]
[SourceQuality "1"]

1. e4 c5 2. Nf3 e6 3. d4 cxd4 4. Nxd4 a6 5. Nc3 b5 6. a3 Bb7 7. Be2 Qc7 8. 0-0 Nf6 9. Bf3 d6 10. Re1 Be7 11. a4 bxa4 12. Nxa4 Nbd7 13. g3 0-0 14. b3 Nc5 15. e5 dxe5 16. Nxc5 Bxc5 17. Bxb7 Qxb7 18. Rxe5 Bxd4 19. Qxd4 Rfd8 20. Qc3 Rac8 21. Qa5 Rd1+ 22. Re1 Rxe1+ 23. Qxe1 Rxc2 24. Qd1 Rc8 25. Qd3 Nd5 26. Bb2 Rc6 27. Ra4 f6 28. Rh4 g6 29. Rc4 Rb6 30. Qe4 1/2-1/2

[Event "EU-ch U18 Girls 28th"]
[Site "Riga"]
[Date "2018.08.20"]
[Round "1"]
[White "Nemcova, Karin"]
[Black "Leczek, Weronika"]
[Result "1/2-1/2"]
[WhiteElo "2068"]
[BlackElo "1740"]
[PlyCount "118"]
[EventDate "2018.08.20"]
[EventType "swiss"]
[EventRounds "9"]
[EventCountry "LAT"]
[SourceTitle "CBM 186 Extra"]
[Source "ChessBase"]
[SourceDate "2018.08.24"]
[SourceVersion "1"]
[SourceVersionDate "2018.08.24"]
[SourceQuality "1"]

1. e4 c5 2. Nf3 Nc6 3. d4 cxd4 4. Nxd4 Nf6 5. Nc3 d6 6. Bg5 h6 7. Be3 e5 8. Nb3 Be7 9. f3 Be6 10. Qd2 d5 11. exd5 Nxd5 12. Nxd5 Qxd5 13. 0-0-0 Qxd2+ 14. Rxd2 0-0 15. Nc5 Bxa2 16. Nxb7 Rac8 17. Nd6 Rcd8 18. Bc4 Bxc4 19. Nxc4 Rxd2 20. Kxd2 Rd8+ 21. Ke2 Nd4+ 22. Bxd4 exd4 23. Ra1 Rd7 24. Kd3 Bf6 25. Nd2 Re7 26. Ne4 Be5 27. h3 f5 28. Nd2 Bf6 29. Nc4 Kh7 30. g4 Kg6 31. Ra5 fxg4 32. hxg4 Kh7 33. f4 g6 34. Ne5 g5 35. Ke4 gxf4 36. Kxf4 Rc7 37. b4 Kg8 38. Ra2 Re7 39. Nc6 Rc7 40. b5 Rb7 41. Nxa7 Be7 42. Ra4 Bc5 43. Nc6 Rxb5 44. Nxd4 Bd6+ 45. Ke3 Re5+ 46. Kd3 h5 47. gxh5 Rxh5 48. Ra7 Rh7 49. Ra8+ Kf7 50. Ra7+ Kg8 51. Ra6 Rd7 52. Ke4 Kf7 53. c4 Bc5 54. Nf3 Ke7 55. Rc6 Bf2 56. c5 Rd1 57. Rc7+ Kd8 58. Rc6 Rc1 59. Kd5 Rxc5+ 1/2-1/2

[Event "EU-ch U16 Girls 27th"]
[Site "Mamaia"]
[Date "2017.09.12"]
[Round "7"]
[White "Rollot, Florence"]
[Black "Leczek, Weronika"]
[Result "1-0"]
[WhiteElo "1877"]
[BlackElo "1761"]
[PlyCount "77"]
[EventDate "2017.09.05"]
[EventType "swiss"]
[EventRounds "9"]
[EventCountry "ROU"]
[SourceTitle "CBM 180 Extra"]
[Source "ChessBase"]
[SourceDate "2017.10.06"]
[SourceVersion "1"]
[SourceVersionDate "2017.10.06"]
[SourceQuality "1"]

1. Nf3 c5 2. c4 g6 3. Nc3 Bg7 4. g3 Nc6 5. Bg2 e5 6. 0-0 Nge7 7. d3 0-0 8. Ne1 d6 9. Nc2 Be6 10. Rb1 d5 11. cxd5 Nxd5 12. Ne3 Nde7 13. a3 Rc8 14. Ne4 Nd4 15. b4 cxb4 16. axb4 b6 17. Bb2 Bb3 18. Qd2 f5 19. Ng5 Nec6 20. Nf3 Ba4 21. Bxd4 exd4 22. Nxf5 Rxf5 23. Qa2+ Kh8 24. Qxa4 a5 25. b5 Nb4 26. Bh3 Qe7 27. Bxf5 gxf5 28. Rfe1 Rc3 29. Kf1 Qc5 30. Kg1 Bh6 31. h4 Nc2 32. Red1 Na3 33. Rb3 Bg7 34. Ng5 Rxb3 35. Qxb3 h6 36. Ne6 Qc2 37. Qxc2 Nxc2 38. Rc1 Na3 39. Rc8+ 1-0

[Event "EU-ch U16 Girls 27th"]
[Site "Mamaia"]
[Date "2017.09.08"]
[Round "4"]
[White "Filippova, Darya"]
[Black "Leczek, Weronika"]
[Result "1-0"]
[WhiteElo "2046"]
[BlackElo "1761"]
[PlyCount "55"]
[EventDate "2017.09.05"]
[EventType "swiss"]
[EventRounds "9"]
[EventCountry "ROU"]
[SourceTitle "CBM 180 Extra"]
[Source "ChessBase"]
[SourceDate "2017.10.06"]
[SourceVersion "1"]
[SourceVersionDate "2017.10.06"]
[SourceQuality "1"]

1. d4 d5 2. c4 e6 3. Nf3 c6 4. e3 Nf6 5. Nc3 Nbd7 6. Qc2 Qc7 7. b3 a6 8. Bb2 dxc4 9. bxc4 c5 10. Be2 cxd4 11. exd4 Bb4 12. 0-0 0-0 13. Rac1 b6 14. Ne4 Qf4 15. Nxf6+ Nxf6 16. Qb3 Bd6 17. c5 bxc5 18. dxc5 Rb8 19. Qa3 Bc7 20. Rc4 Qf5 21. Bd3 Qd5 22. Bxf6 gxf6 23. Rh4 f5 24. Bc4 Qc6 25. Nd4 Qe8 26. Qe3 Bd8 27. Rh3 f6 28. Qg3+ 1-0

[Event "EU-ch U16 Girls 27th"]
[Site "Mamaia"]
[Date "2017.09.05"]
[Round "1"]
[White "Leczek, Weronika"]
[Black "Zotova, Anastasia"]
[Result "0-1"]
[WhiteElo "1761"]
[BlackElo "2009"]
[PlyCount "58"]
[EventDate "2017.09.05"]
[EventType "swiss"]
[EventRounds "9"]
[EventCountry "ROU"]
[SourceTitle "CBM 180 Extra"]
[Source "ChessBase"]
[SourceDate "2017.10.06"]
[SourceVersion "1"]
[SourceVersionDate "2017.10.06"]
[SourceQuality "1"]

1. e4 c5 2. Nf3 d6 3. d4 cxd4 4. Nxd4 Nf6 5. Nc3 a6 6. Be3 e5 7. Nb3 Be6 8. f3 Nbd7 9. Qd2 Be7 10. 0-0-0 0-0 11. g4 b5 12. g5 b4 13. Ne2 Ne8 14. f4 a5 15. f5 a4 16. Nbd4 exd4 17. Nxd4 b3 18. Kb1 bxc2+ 19. Nxc2 Bb3 20. axb3 axb3 21. Na3 Ne5 22. h4 Qc7 23. Rh3 d5 24. exd5 Bxa3 25. bxa3 Qc8 26. Rg3 Nd6 27. Kb2 Rxa3 28. Ra1 Rxa1 29. Kxa1 Qxf5 0-1

[Event "POL-chT U20 1st League"]
[Site "Szczyrk"]
[Date "2017.07.29"]
[Round "8.29"]
[White "Waszczuk, Patrycja"]
[Black "Leczek, Weronika"]
[Result "1-0"]
[WhiteElo "1855"]
[BlackElo "1867"]
[PlyCount "85"]
[EventDate "2017.07.22"]
[EventType "team-tourn"]
[EventRounds "9"]
[EventCountry "POL"]
[SourceTitle "EXT 2019"]
[Source "ChessBase"]
[SourceDate "2018.10.10"]
[SourceVersion "1"]
[SourceVersionDate "2018.10.10"]
[SourceQuality "1"]

1. e4 c5 2. Nf3 Nc6 3. d4 cxd4 4. Nxd4 Nf6 5. Nc3 d6 6. Bg5 e6 7. Qd2 a6 8. 0-0-0 Bd7 9. f4 b5 10. Nxc6 Bxc6 11. Qe3 Be7 12. e5 Nd5 13. Nxd5 Bxd5 14. Bxe7 Qxe7 15. exd6 Qxd6 16. f5 f6 17. fxe6 Qxe6 18. Qd2 Be4 19. Bd3 0-0 20. Bxe4 Qxe4 21. Rhe1 Qc4 22. b3 Qc5 23. Qd5+ Qxd5 24. Rxd5 Rfe8 25. Rxe8+ Rxe8 26. Kd2 Kf7 27. Kd3 Ke6 28. c4 Rc8 29. Kd4 bxc4 30. bxc4 Rc6 31. c5 Ke7 32. Kc4 Re6 33. Rd2 Re5 34. c6 Re1 35. Kc5 Rb1 36. c7 Rc1+ 37. Kb6 Rb1+ 38. Kc6 Rc1+ 39. Kb7 Rb1+ 40. Kxa6 Rc1 41. Kb7 Rb1+ 42. Kc8 Rb4 43. Rd7+ 1-0

[Event "POL-chT U20 1st League"]
[Site "Szczyrk"]
[Date "2017.07.26"]
[Round "5.17"]
[White "Leczek, Weronika"]
[Black "Swiech, Joanna"]
[Result "1/2-1/2"]
[WhiteElo "1867"]
[BlackElo "1847"]
[PlyCount "120"]
[EventDate "2017.07.22"]
[EventType "team-tourn"]
[EventRounds "9"]
[EventCountry "POL"]
[SourceTitle "EXT 2019"]
[Source "ChessBase"]
[SourceDate "2018.10.10"]
[SourceVersion "1"]
[SourceVersionDate "2018.10.10"]
[SourceQuality "1"]

1. e4 e5 2. Nf3 Nc6 3. d4 exd4 4. Nxd4 Nf6 5. Nxc6 bxc6 6. e5 Qe7 7. f4 d6 8. Qf3 Bd7 9. Bb5 dxe5 10. Bxc6 exf4+ 11. Kf1 Rd8 12. Bxf4 Qc5 13. Bxd7+ Rxd7 14. Nc3 Be7 15. Be3 Qc4+ 16. Qe2 Qb4 17. Qb5 Nd5 18. Bd2 Nxc3 19. Qxb4 Bxb4 20. Re1+ Kd8 21. Bxc3 Bxc3 22. bxc3 Kc8 23. Kf2 Rd2+ 24. Re2 Rhd8 25. Rhe1 R8d6 26. Kf3 Rxe2 27. Rxe2 Kd7 28. Re4 Rc6 29. Rd4+ Ke7 30. Re4+ Kf8 31. Ra4 Rxc3+ 32. Kf2 Rxc2+ 33. Kf3 Ke7 34. Rxa7 Kd6 35. a4 Ra2 36. a5 Kc6 37. h4 h5 38. g3 Ra4 39. Ke3 Rc4 40. Ra8 Kb7 41. Rf8 f6 42. Rf7 Rc3+ 43. Kf2 Rc5 44. Rxg7 Rxa5 45. Rg6 Rf5+ 46. Ke3 c5 47. Ke4 Re5+ 48. Kf4 c4 49. Rxf6 Rc5 50. Re6 c3 51. Re1 Kb6 52. Ke4 c2 53. Rc1 Rc3 54. Kd4 Rxg3 55. Rxc2 Rg4+ 56. Ke5 Rxh4 57. Kf5 Rh1 58. Kg5 h4 59. Kg4 h3 60. Kg3 h2 1/2-1/2

[Event "POL-chT U20 1st League"]
[Site "Szczyrk"]
[Date "2017.07.25"]
[Round "4.17"]
[White "Marczuk, Anna"]
[Black "Leczek, Weronika"]
[Result "1-0"]
[WhiteElo "1967"]
[BlackElo "1867"]
[PlyCount "67"]
[EventDate "2017.07.22"]
[EventType "team-tourn"]
[EventRounds "9"]
[EventCountry "POL"]
[SourceTitle "EXT 2019"]
[Source "ChessBase"]
[SourceDate "2018.10.10"]
[SourceVersion "1"]
[SourceVersionDate "2018.10.10"]
[SourceQuality "1"]

1. d4 g6 2. Nf3 Bg7 3. Bf4 c5 4. c3 cxd4 5. cxd4 Qb6 6. Qd2 Nf6 7. Nc3 0-0 8. e3 d6 9. Be2 Nc6 10. d5 Nb4 11. 0-0 Na6 12. Bxa6 Qxa6 13. e4 Rd8 14. Bh6 Bh8 15. h3 b5 16. a3 Bb7 17. Nd4 b4 18. axb4 Qc4 19. Be3 Rdc8 20. Ra4 Nd7 21. Rfa1 Nb6 22. Rxa7 Qxb4 23. Nce2 Qc4 24. Rxa8 Bxa8 25. Rc1 Qa6 26. Rxc8+ Nxc8 27. Qc2 Be5 28. g3 Kg7 29. b3 Na7 30. Qc4 Qxc4 31. bxc4 Bb7 32. f4 Bf6 33. Nf3 Nc8 34. e5 1-0

[Event "POL-chT U20 1st League"]
[Site "Szczyrk"]
[Date "2017.07.22"]
[Round "1.29"]
[White "Leczek, Weronika"]
[Black "Buchta, Agnieszka"]
[Result "1/2-1/2"]
[WhiteElo "1867"]
[BlackElo "1709"]
[PlyCount "37"]
[EventDate "2017.07.22"]
[EventType "team-tourn"]
[EventRounds "9"]
[EventCountry "POL"]
[SourceTitle "EXT 2019"]
[Source "ChessBase"]
[SourceDate "2018.10.10"]
[SourceVersion "1"]
[SourceVersionDate "2018.10.10"]
[SourceQuality "1"]

1. e4 e6 2. d4 d5 3. Nc3 dxe4 4. Nxe4 Nd7 5. Nf3 Ngf6 6. Nxf6+ Nxf6 7. Bd3 Be7 8. 0-0 0-0 9. h3 b6 10. c3 Bb7 11. Bf4 c5 12. Be5 Nd7 13. Bg3 cxd4 14. cxd4 Nf6 15. Be5 Nd7 16. Bg3 Nf6 17. Be5 Nd7 18. Bg3 Nf6 19. Be5 1/2-1/2

[Event "POL-chT U20 1st League"]
[Site "Suchedniow"]
[Date "2016.07.28"]
[Round "6.11"]
[White "Swiech, Joanna"]
[Black "Leczek, Weronika"]
[Result "0-1"]
[WhiteElo "1888"]
[BlackElo "1668"]
[PlyCount "116"]
[EventDate "2016.07.23"]
[EventType "team-tourn"]
[EventRounds "9"]
[EventCountry "POL"]
[SourceTitle "EXT 2019"]
[Source "ChessBase"]
[SourceDate "2018.10.10"]
[SourceVersion "1"]
[SourceVersionDate "2018.10.10"]
[SourceQuality "1"]

1. d4 d5 2. Nf3 e6 3. c4 c6 4. e3 Nf6 5. Nc3 Nbd7 6. Bd3 dxc4 7. Bxc4 b5 8. Bd3 Bb7 9. 0-0 Bd6 10. a3 a5 11. Qc2 0-0 12. Bd2 Qe7 13. h3 Rfc8 14. Qb1 e5 15. dxe5 Nxe5 16. Nxe5 Bxe5 17. Ne2 h6 18. f4 Bc7 19. e4 Rd8 20. Bc3 c5 21. Ng3 c4 22. Bc2 b4 23. axb4 axb4 24. Rxa8 Bxa8 25. Bxf6 Qxf6 26. e5 Qe7 27. Qe1 Qc5+ 28. Kh2 c3 29. bxc3 bxc3 30. Ne4 Qc4 31. Rf2 Ba5 32. Nd6 Qd4 33. Qe2 g6 34. Rf1 Bb4 35. Ne4 Bxe4 36. Qxe4 Qxe4 37. Bxe4 Rd2 38. Rc1 Rd4 39. Bc2 Rxf4 40. e6 fxe6 41. Bxg6 Bd6 42. Kg1 Bc5+ 43. Kh2 Bd4 44. Bd3 e5 45. Kg3 Kf7 46. Rc2 Ke6 47. Bc4+ Kf5 48. Bd3+ e4 49. Be2 e3 50. Bd3+ Ke5 51. Ra2 Rf2 52. Ra5+ Kd6 53. Ra6+ Kc5 54. Ra5+ Kb4 55. Rb5+ Ka3 56. Rd5 Bb6 57. Rb5 Bc7+ 58. Kh4 e2 0-1

[Event "POL-chT U20 1st League"]
[Site "Suchedniow"]
[Date "2016.07.26"]
[Round "4.5"]
[White "Kostecka, Marika"]
[Black "Leczek, Weronika"]
[Result "0-1"]
[WhiteElo "1693"]
[BlackElo "1668"]
[PlyCount "121"]
[EventDate "2016.07.23"]
[EventType "team-tourn"]
[EventRounds "9"]
[EventCountry "POL"]
[SourceTitle "EXT 2019"]
[Source "ChessBase"]
[SourceDate "2018.10.10"]
[SourceVersion "1"]
[SourceVersionDate "2018.10.10"]
[SourceQuality "1"]

1. e4 c5 2. Nf3 Nc6 3. d4 cxd4 4. Nxd4 Nf6 5. Nc3 d6 6. Bg5 e6 7. Qd2 a6 8. f3 Bd7 9. 0-0-0 b5 10. Kb1 h6 11. Be3 Be7 12. g4 Ne5 13. h4 Rb8 14. b3 b4 15. Nce2 d5 16. Bg2 dxe4 17. g5 Nd5 18. gxh6 gxh6 19. Bxh6 Nc3+ 20. Nxc3 bxc3 21. Qf4 Ng6 22. Qe3 Bc5 23. h5 Nh4 24. Bh3 Bxd4 25. Rxd4 Nxf3 26. Qxe4 Nxd4 27. Bg7 Nxb3 28. axb3 Rxh5 29. Bxc3 Qc7 30. Bf6 Qg3 31. Bg4 Rxh1+ 32. Qxh1 Bb5 33. Qh8+ Kd7 34. Qg7 Kc6 35. Be5 Qe1+ 36. Kb2 Rc8 37. Bf3+ Kb6 38. Bd4+ Ka5 39. Qg2 Bd3 40. c3 Qb1+ 41. Ka3 Qa1+ 42. Qa2 Qxa2+ 43. Kxa2 Kb5 44. c4+ Kb4 45. Kb2 f5 46. Bc3+ Kc5 47. Bb7 Rg8 48. Bxa6 Rg2+ 49. Ka3 f4 50. b4+ Kb6 51. Bb5 f3 52. Bd4+ Kc7 53. Ka4 f2 54. Bxf2 Rxf2 55. Kb3 e5 56. Be8 e4 57. Bg6 Bc2+ 58. Kc3 e3 59. Bxc2 e2 60. Kd2 e1Q+ 61. Kxe1 0-1

[Event "POL-ch U16 Girls"]
[Site "Szklarska Poreba"]
[Date "2016.03.17"]
[Round "6"]
[White "Leczek, Weronika"]
[Black "Przepiora, Anna"]
[Result "1-0"]
[WhiteElo "1766"]
[BlackElo "1243"]
[PlyCount "55"]
[EventDate "2016.03.13"]
[EventType "swiss"]
[EventRounds "9"]
[EventCountry "POL"]
[SourceTitle "EXT 2018"]
[Source "ChessBase"]
[SourceDate "2017.10.13"]
[SourceVersion "1"]
[SourceVersionDate "2017.10.13"]
[SourceQuality "1"]

1. e4 c5 2. Nf3 Nc6 3. d4 cxd4 4. Nxd4 g6 5. Nc3 Bg7 6. Be3 Nf6 7. f3 0-0 8. g4 d5 9. g5 Ne8 10. exd5 Nxd4 11. Bxd4 Bxd4 12. Qxd4 e6 13. f4 exd5 14. Nxd5 Bf5 15. 0-0-0 Be6 16. Bg2 Bxd5 17. Bxd5 Qc7 18. Rd3 Ng7 19. Rc3 Qd7 20. Rd1 Nf5 21. Qb4 Rab8 22. Bb3 Qe8 23. Rc7 Rd8 24. Re1 Ne3 25. Re7 a5 26. Rxe8 axb4 27. Rxf8+ Rxf8 28. Rxe3 1-0

[Event "POL-ch U16 Girls"]
[Site "Szklarska Poreba"]
[Date "2016.03.16"]
[Round "5"]
[White "Jurkiewicz, Zuzanna"]
[Black "Leczek, Weronika"]
[Result "1/2-1/2"]
[WhiteElo "1632"]
[BlackElo "1766"]
[PlyCount "99"]
[EventDate "2016.03.13"]
[EventType "swiss"]
[EventRounds "9"]
[EventCountry "POL"]
[SourceTitle "EXT 2018"]
[Source "ChessBase"]
[SourceDate "2017.10.13"]
[SourceVersion "1"]
[SourceVersionDate "2017.10.13"]
[SourceQuality "1"]

1. e4 c5 2. Nf3 Nc6 3. d4 cxd4 4. Nxd4 g6 5. Be3 Bg7 6. Nc3 Nf6 7. f3 0-0 8. Qd2 d5 9. 0-0-0 Nxd4 10. Bxd4 dxe4 11. Nxe4 Nxe4 12. fxe4 Be6 13. Bxg7 Qxd2+ 14. Rxd2 Kxg7 15. a3 Rac8 16. Bd3 Rc5 17. h3 Rfc8 18. Rhd1 b5 19. b4 Rc3 20. Kb2 a6 21. Rf1 R3c6 22. Rff2 Rd6 23. Rfe2 Ra8 24. Rf2 Rb6 25. c3 Rd8 26. Bc2 Rbd6 27. Kc1 Bc4 28. Rxd6 Rxd6 29. Rd2 Rxd2 30. Kxd2 Bf1 31. Bd3 Bxg2 32. c4 bxc4 33. Bxc4 a5 34. Bd5 axb4 35. axb4 Bxh3 36. b5 Bc8 37. b6 Kf6 38. b7 Bxb7 39. Bxb7 Ke5 40. Ke3 e6 41. Kf3 f5 42. exf5 exf5 43. Kg3 g5 44. Bf3 g4 45. Bxg4 fxg4 46. Kxg4 Kf6 47. Kh5 Kg7 48. Kg5 h6+ 49. Kh5 Kh7 50. Kg4 1/2-1/2

[Event "POL-ch U16 Girls"]
[Site "Szklarska Poreba"]
[Date "2016.03.15"]
[Round "3"]
[White "Ciesinska, Weronika"]
[Black "Leczek, Weronika"]
[Result "1-0"]
[WhiteElo "1584"]
[BlackElo "1766"]
[PlyCount "161"]
[EventDate "2016.03.13"]
[EventType "swiss"]
[EventRounds "9"]
[EventCountry "POL"]
[SourceTitle "EXT 2018"]
[Source "ChessBase"]
[SourceDate "2017.10.13"]
[SourceVersion "1"]
[SourceVersionDate "2017.10.13"]
[SourceQuality "1"]

1. e4 c5 2. Nc3 g6 3. f4 Bg7 4. Nf3 Nc6 5. Bb5 Nd4 6. 0-0 e6 7. e5 Ne7 8. Nxd4 cxd4 9. Ne4 0-0 10. Qe1 Qb6 11. Bd3 Nd5 12. b3 f6 13. Ba3 Nb4 14. Qh4 f5 15. Ng5 h6 16. Nf3 Kf7 17. g4 Qa5 18. Bxb4 Qxb4 19. gxf5 gxf5 20. h3 Rg8 21. Kh2 b6 22. a3 Qc5 23. Rg1 Bb7 24. Qh5+ Ke7 25. Rg3 Raf8 26. Rag1 Rf7 27. Nh4 Qxa3 28. Bxf5 Qa5 29. Bh7 Qxd2+ 30. Ng2 Rc8 31. Qh4+ Kf8 32. Bg6 Re7 33. Qg4 Kg8 34. Qh4 Kf8 35. Bh7 Rce8 36. Rg6 Rf7 37. Rg4 Bf3 38. Rg3 Bxg2 39. R3xg2 Rxf4 40. Qg3 Bxe5 41. Rxd2 Ke7 42. Kg2 Ref8 43. Kh1 R8f7 44. Bd3 d6 45. Rdg2 Kd7 46. Qe1 Rf3 47. Qh4 d5 48. Qxh6 Rf8 49. Rg8 R8f6 50. Bb5+ Kd6 51. Qh4 Rf2 52. Qxf2 Rxf2 53. R1g2 Rf3 54. Kg1 Rxh3 55. Bd3 Bf4 56. Rf8 Be3+ 57. Kf1 e5 58. Rf7 e4 59. Ba6 Rh1+ 60. Ke2 Rc1 61. Rg6+ Kc5 62. Rc7+ Kb4 63. Rgg7 Bf4 64. Rc8 Ra1 65. Bb7 Ra2 66. Bxd5 d3+ 67. Kf1 Ra1+ 68. Kg2 d2 69. Rc4+ Kb5 70. Bc6+ Ka6 71. Rd7 b5 72. Rcd4 e3 73. Bf3 Be5 74. Re4 Bc3 75. Re6+ Ka5 76. Rxa7+ Kb4 77. Rxa1 Bxa1 78. Rxe3 Bb2 79. Kf1 Bc1 80. Rd3 Ka3 81. Ke2 1-0

[Event "POL-chT U19 46th"]
[Site "Ustron"]
[Date "2015.07.28"]
[Round "4.17"]
[White "Leczek, Weronika"]
[Black "Dadello, Aleksandra"]
[Result "0-1"]
[WhiteElo "1655"]
[BlackElo "2068"]
[PlyCount "52"]
[EventDate "2015.07.25"]
[EventType "team-tourn"]
[EventRounds "9"]
[EventCountry "POL"]
[SourceTitle "EXT 2018"]
[Source "ChessBase"]
[SourceDate "2017.10.13"]
[SourceVersion "1"]
[SourceVersionDate "2017.10.13"]
[SourceQuality "1"]
[WhiteTeam "Trzebinia UKS Hetman Koronny U19 II"]
[BlackTeam "Wroclaw Polonia U19"]
[WhiteTeamCountry "POL"]
[BlackTeamCountry "POL"]

1. e4 e5 2. Nf3 Nc6 3. d4 exd4 4. Bc4 Bc5 5. 0-0 Nf6 6. e5 d5 7. exf6 dxc4 8. Re1+ Be6 9. Ng5 Qd5 10. Nc3 Qf5 11. g4 Qg6 12. Nce4 Bb6 13. Nxe6 fxe6 14. f7+ Kd7 15. Ng5 Nd8 16. Re4 h6 17. Rf4 Nc6 18. Nf3 e5 19. Nh4 Qe6 20. Re4 Raf8 21. f4 Rxf7 22. f5 Qd5 23. Qf3 Kc8 24. Bd2 d3+ 25. Be3 Nd4 26. Bxd4 Bxd4+ 0-1

[Event "POL-ch U14 Girls"]
[Site "Suwalki"]
[Date "2015.04.14"]
[Round "9"]
[White "Krzywnicka, Maria"]
[Black "Leczek, Weronika"]
[Result "1-0"]
[WhiteElo "1473"]
[BlackElo "1641"]
[PlyCount "89"]
[EventDate "2015.04.08"]
[EventType "swiss"]
[EventRounds "9"]
[EventCountry "POL"]
[SourceTitle "EXT 2017"]
[Source "ChessBase"]
[SourceDate "2016.10.25"]
[SourceVersion "1"]
[SourceVersionDate "2016.10.25"]
[SourceQuality "1"]

1. e4 c5 2. Nc3 Nc6 3. g3 g6 4. d3 Bg7 5. Bg2 d6 6. Be3 e5 7. Qd2 Be6 8. Nge2 Qd7 9. Nd5 Bxd5 10. exd5 Nd4 11. c3 Nf5 12. d4 cxd4 13. cxd4 Nxe3 14. fxe3 Ne7 15. e4 0-0 16. 0-0 Rac8 17. dxe5 Bxe5 18. Nf4 Qb5 19. Nd3 Bd4+ 20. Kh1 Rc7 21. Rac1 Rxc1 22. Rxc1 Qb6 23. Rc4 Bg7 24. Qc2 Qe3 25. Rc7 Bd4 26. Qd1 Nc8 27. Rxb7 Nb6 28. Rc7 f5 29. exf5 Rxf5 30. Rc2 Nxd5 31. Re2 Qg5 32. Bxd5+ Rxd5 33. Nf4 Qf5 34. Qb3 Qb1+ 35. Kg2 Qg1+ 36. Kh3 Qf1+ 37. Rg2 Kg7 38. Qxd5 Be5 39. Qd2 g5 40. Ne6+ Kf6 41. Nxg5 Qf5+ 42. Kh4 h6 43. Rf2 Bf4 44. Qxf4 hxg5+ 45. Qxg5+ 1-0